|
|
|
|
| LEADER |
01183nam a2200265 a 4500 |
| 001 |
GR-Patra25048 |
| 008 |
080407s2003 mau g 000 0 eng d |
| 020 |
|
|
|a 0618343156
|
| 040 |
|
|
|a GrPaTEI
|b gre
|c GR-PaULI
|
| 040 |
|
|
|a GrPaTEI
|b gre
|c GR-PaULI
|
| 082 |
|
0 |
|a 338.5
|2 21
|
| 100 |
1 |
|
|a Goodwin, Neva
|
| 245 |
1 |
0 |
|a Microeconomics in context /
|c Neva Nelson...[et al].
|
| 260 |
|
|
|a Boston
|a New York :
|b Hougton Mifflin,
|c c2003
|
| 300 |
|
|
|a xix, ακανόνιστη σελιδαρίθμηση :
|b fig., tab.
|
| 610 |
2 |
4 |
|a Παράρτημα Αμαλιάδος.
|b Τμήμα Εφαρμογών Πληροφορικής στη Διοίκηση και την Οικονομία
|
| 650 |
|
0 |
|a Microeconomics
|
| 650 |
|
0 |
|a Microeconomics
|x Social aspects
|
| 650 |
|
4 |
|a Μικροοικονομική
|
| 650 |
|
4 |
|a Μικροοικονομική
|x Κοινωνικές απόψεις
|
| 710 |
0 |
|
|a Houghton Mifflin
|
| 942 |
|
|
|2 ddc
|
| 952 |
|
|
|0 0
|1 0
|2 ddc
|4 0
|6 338_500000000000000_MIC
|7 1
|9 306477
|a LISK
|b LISK
|c BSC
|d 2021-01-17
|e 24
|f 0
|g 0.00
|l 0
|o 338.5 MIC
|p 92410038664
|r 2021-01-17 00:00:00
|t 1
|w 2021-01-17
|y BKN
|x 20080407 0 0
|x GrPaTEI
|
| 971 |
|
|
|a .b26726208
|b 15-04-20
|c 26-09-16
|
| 999 |
|
|
|c 177095
|d 177095
|